000 00730cam a22002172 4500
001 0000001353
005 20151021152551.0
008 070305s xx 000 0 eng d
020 _a9966967303 :
_cKES 380
040 _aKABU
_cKABU
050 0 _aHB615
_b.N34 1999
100 1 _aNcebere, Rukunga.
_@0000150007
245 1 0 _aExcelling in business :
_bthe entrepreneur's handbook /
_cRukunga Ncebere.
260 _aNairobi :
_bR. N. Publishers,
_c1999.
300 _a313 p. ;
_c21 cm.
650 0 _aBusiness
_zKenya.
_@0000150008
852 1 _9p500 KES
852 1 _9p500 KES
908 _a070305
950 _@1
999 _c1487
_d1487